000
00322nam a22001217a 4500
999
_c
4853
_d
4853
008
250325b ||||| |||| 00| 0 eng d
020
_a
9780713688818
082
_a
823.914 HAY
100
_a
HAY,SAM
_e
AUTHOR
245
_a
BILLY ANGEL
260
_a
38 SOHO SQUARE,LONDON,W1D 3HB
_b
A&C BLACK PUBLISHERS LTD
_c
2008
942
_2
ddc